[Event "New Zealand Junior Championship"]
[Site "Wellington"]
[Date "2023.01.05"]
[Round "3.14"]
[White "Ma, Roy"]
[Black "Hookings, Jonathon"]
[Result "0-1"]
[WhiteElo "445"]
[BlackElo "1584"]

1. e4 {[%clk 01:00:59] [%emt 00:01:54]} 1... c6 {[%clk 01:00:55] [%emt
00:00:04]} 2. Nf3 {[%clk 01:01:21] [%emt 00:00:10]} 2... d5 {[%clk 01:01:20]
[%emt 00:00:03]} 3. exd5 {[%clk 01:01:35] [%emt 00:00:18]} 3... cxd5 {[%clk
01:01:45] [%emt 00:00:04]} 4. d4 {[%clk 01:01:59] [%emt 00:00:06]} 4... Nf6
{[%clk 01:02:08] [%emt 00:00:07]} 5. Nc3 {[%clk 01:02:19] [%emt 00:00:11]} 5...
a6 {[%clk 01:02:22] [%emt 00:00:16]} 6. Bf4 {[%clk 01:02:20] [%emt 00:00:28]}
6... Bg4 {[%clk 01:02:27] [%emt 00:00:25]} 7. Be2 {[%clk 01:02:39] [%emt
00:00:11]} 7... Nc6 {[%clk 01:02:40] [%emt 00:00:17]} 8. h3 {[%clk 01:02:54]
[%emt 00:00:15]} 8... Bh5 {[%clk 01:02:52] [%emt 00:00:18]} 9. O-O {[%clk
01:02:56] [%emt 00:00:28]} 9... e6 {[%clk 01:03:16] [%emt 00:00:06]} 10. Qd2
{[%clk 01:02:55] [%emt 00:00:32]} 10... Bd6 {[%clk 01:03:08] [%emt 00:00:38]}
11. Rfe1 {[%clk 01:02:52] [%emt 00:00:33]} 11... O-O {[%clk 01:03:22] [%emt
00:00:16]} 12. Bxd6 {[%clk 01:02:52] [%emt 00:00:30]} 12... Qxd6 {[%clk
01:03:47] [%emt 00:00:06]} 13. Qd3 {[%clk 01:02:44] [%emt 00:00:37]} 13... Bxf3
{[%clk 01:04:08] [%emt 00:00:09]} 14. Bxf3 {[%clk 01:03:11] [%emt 00:00:03]}
14... b5 {[%clk 01:04:03] [%emt 00:00:35]} 15. a3 {[%clk 01:03:37] [%emt
00:00:04]} 15... Na5 {[%clk 01:03:04] [%emt 00:01:30]} 16. b3 {[%clk 01:03:57]
[%emt 00:00:10]} 16... Rac8 {[%clk 01:02:47] [%emt 00:00:47]} 17. Ne2 {[%clk
01:03:16] [%emt 00:01:10]} 17... Rc7 {[%clk 01:02:50] [%emt 00:00:27]} 18. Qd2
{[%clk 01:03:33] [%emt 00:00:12]} 18... Nc6 {[%clk 01:01:52] [%emt 00:01:28]}
19. b4 {[%clk 01:03:46] [%emt 00:00:18]} 19... Ne7 {[%clk 01:01:45] [%emt
00:00:37]} 20. Red1 {[%clk 01:03:15] [%emt 00:01:00]} 20... Rfc8 {[%clk
01:02:03] [%emt 00:00:12]} 21. c3 {[%clk 01:03:37] [%emt 00:00:08]} 21... Qb6
{[%clk 01:01:48] [%emt 00:00:44]} 22. Rac1 {[%clk 01:03:41] [%emt 00:00:27]}
22... Qc6 {[%clk 01:01:01] [%emt 00:01:16]} 23. Ng3 {[%clk 01:03:47] [%emt
00:00:26]} 23... Qc4 {[%clk 01:00:38] [%emt 00:00:52]} 24. Ne2 {[%clk 01:03:43]
[%emt 00:00:35]} 24... Nd7 {[%clk 01:00:05] [%emt 00:01:02]} 25. Rb1 {[%clk
01:02:53] [%emt 00:01:20]} 25... Nb6 {[%emt 00:01:33]} 26. Qd3 Na4 {[%clk
00:59:28] [%emt 00:00:34]} 27. Qxc4 {[%clk 01:03:09] [%emt 00:00:13]} 27...
Rxc4 {[%clk 00:59:51] [%emt 00:00:07]} 28. Rbc1 {[%clk 01:02:04] [%emt
00:01:36]} 28... Nxc3 {[%clk 00:59:36] [%emt 00:00:45]} 29. Nxc3 {[%clk
01:02:00] [%emt 00:00:35]} 29... Rxc3 {[%clk 01:00:00] [%emt 00:00:06]} 30.
Rxc3 {[%clk 01:02:15] [%emt 00:00:15]} 30... Rxc3 {[%clk 01:00:29] [%emt
00:00:01]} 31. Be2 {[%clk 01:01:50] [%emt 00:00:55]} 31... g6 {[%clk 01:00:40]
[%emt 00:00:20]} 32. Ra1 {[%clk 01:02:03] [%emt 00:00:17]} 32... Nc6 {[%clk
01:00:51] [%emt 00:00:18]} 33. a4 {[%clk 01:02:21] [%emt 00:00:12]} 33... Nxb4
{[%clk 01:00:28] [%emt 00:00:53]} 34. axb5 {[%clk 01:02:41] [%emt 00:00:11]}
34... axb5 {[%clk 01:00:48] [%emt 00:00:09]} 35. Bxb5 {[%clk 01:02:41] [%emt
00:00:29]} 35... Rc7 {[%clk 00:55:51] [%emt 00:05:27]} 36. Rb1 {[%clk 01:02:56]
[%emt 00:00:16]} 36... Na2 {[%clk 00:55:17] [%emt 00:01:04]} 37. Ra1 {[%emt
00:00:07]} 37... Rc1+ {[%clk 00:55:21] [%emt 00:00:23]} 38. Rxc1 {[%clk
01:03:38] [%emt 00:00:15]} 38... Nxc1 {[%clk 00:55:48] [%emt 00:00:03]} 39. Ba4
{[%clk 01:03:30] [%emt 00:00:38]} 39... Ne2+ {[%clk 00:56:09] [%emt 00:00:09]}
40. Kf1 {[%clk 01:03:52] [%emt 00:00:08]} 40... Nxd4 {[%clk 00:56:34] [%emt
00:00:05]} 41. Ke1 {[%clk 01:04:15] [%emt 00:00:07]} 41... Kg7 {[%clk 00:56:52]
[%emt 00:00:12]} 42. Kd2 {[%clk 01:04:04] [%emt 00:00:41]} 42... h5 {[%clk
00:56:14] [%emt 00:01:08]} 43. g4 {[%clk 01:03:52] [%emt 00:00:42]} 43... hxg4
{[%clk 00:56:31] [%emt 00:00:13]} 44. hxg4 {[%clk 01:04:13] [%emt 00:00:09]}
44... Nf3+ {[%clk 00:56:52] [%emt 00:00:09]} 45. Ke3 {[%clk 01:04:10] [%emt
00:00:34]} 45... Ne5 {[%clk 00:56:55] [%emt 00:00:27]} 46. f4 {[%clk 01:04:13]
[%emt 00:00:27]} 46... Nxg4+ {[%clk 00:57:17] [%emt 00:00:08]} 47. Kf3 {[%clk
01:04:41] [%emt 00:00:02]} 47... Nf6 {[%clk 00:57:38] [%emt 00:00:09]} 48. f5
{[%clk 01:04:04] [%emt 00:01:06]} 48... gxf5 {[%clk 00:58:01] [%emt 00:00:07]}
49. Kg3 {[%clk 01:04:21] [%emt 00:00:13]} 49... d4 {[%clk 00:58:17] [%emt
00:00:14]} 50. Bc2 {[%clk 01:04:38] [%emt 00:00:13]} 50... Kg6 {[%clk 00:58:25]
[%emt 00:00:22]} 51. Kh4 {[%clk 01:05:00] [%emt 00:00:08]} 51... e5 {[%clk
00:58:36] [%emt 00:00:19]} 52. Kg3 {[%clk 01:05:06] [%emt 00:00:24]} 52... e4
{[%clk 00:58:54] [%emt 00:00:12]} 53. Bd1 {[%clk 01:05:31] [%emt 00:00:05]}
53... Nd5 {[%clk 00:59:04] [%emt 00:00:20]} 54. Kf2 {[%clk 01:05:48] [%emt
00:00:13]} 54... Kf6 {[%clk 00:59:17] [%emt 00:00:17]} 55. Bh5 {[%clk 01:05:49]
[%emt 00:00:29]} 55... d3 {[%clk 00:59:35] [%emt 00:00:12]} 56. Ke1 {[%clk
01:06:06] [%emt 00:00:13]} 56... e3 {[%clk 00:59:45] [%emt 00:00:19]} 57. Kd1
{[%emt 00:00:13]} 57... Nc3+ {[%clk 00:59:30] [%emt 00:00:42]} 58. Kc1 {[%clk
01:06:40] [%emt 00:00:16]} 58... Ke5 {[%clk 00:59:07] [%emt 00:00:54]} 59. Bf3
{[%clk 01:06:58] [%emt 00:00:12]} 59... Kf4 {[%clk 00:59:16] [%emt 00:00:20]}
60. Bd1 {[%clk 01:07:18] [%emt 00:00:10]} 60... e2 {[%clk 00:59:27] [%emt
00:00:20]} 61. Bxe2 {[%clk 01:07:44] [%emt 00:00:03]} 61... dxe2 {[%clk
00:59:39] [%emt 00:00:18]} 62. Kd2 {[%clk 01:08:11] [%emt 00:00:04]} 62... f6
{[%clk 00:59:38] [%emt 00:00:30]} 63. Ke1 {[%emt 00:00:15]} 63... Kf3 {[%clk
00:59:57] [%emt 00:00:07]} 64. Kd2 {[%clk 01:08:31] [%emt 00:00:30]} 64... Kf2
{[%clk 01:00:20] [%emt 00:00:06]} 65. Kd3 {[%clk 01:08:15] [%emt 00:00:45]}
65... e1=Q {[%clk 01:00:17] [%emt 00:00:34]} 66. Kc4 {[%clk 01:08:38] [%emt
00:00:10]} 66... Qe5 {[%clk 01:00:32] [%emt 00:00:12]} 67. Kb4 {[%clk 01:09:52]
[%emt 00:00:55]} 0-1

[Event "New Zealand Junior Championship"]
[Site "Wellington"]
[Date "2023.01.05"]
[Round "3.15"]
[White "Qi, Jenny"]
[Black "Zhang, Franklyn"]
[Result "1-0"]
[WhiteElo "1556"]
[BlackElo "1044"]

1. e4 {[%clk 01:00:58] [%emt 14:19:18]} 1... e5 {[%clk 01:00:57] [%emt
00:00:03]} 2. Nf3 {[%clk 01:01:24] [%emt 00:00:04]} 2... Nc6 {[%clk 01:01:22]
[%emt 00:00:05]} 3. Bb5 {[%clk 01:01:50] [%emt 00:00:04]} 3... a6 {[%clk
01:01:47] [%emt 00:00:05]} 4. Ba4 {[%clk 01:02:16] [%emt 00:00:05]} 4... b5
{[%clk 01:01:53] [%emt 00:00:23]} 5. Bb3 {[%clk 01:02:41] [%emt 00:00:05]} 5...
Bc5 {[%clk 01:02:13] [%emt 00:00:09]} 6. O-O {[%clk 01:03:05] [%emt 00:00:07]}
6... Nf6 {[%clk 01:02:31] [%emt 00:00:12]} 7. a4 {[%clk 01:03:24] [%emt
00:00:11]} 7... Bb7 {[%clk 01:02:25] [%emt 00:00:37]} 8. c3 {[%clk 01:03:29]
[%emt 00:00:25]} 8... d6 {[%clk 01:01:51] [%emt 00:01:04]} 9. d4 {[%clk
01:03:43] [%emt 00:00:15]} 9... Bb6 {[%emt 00:01:05]} 10. Be3 {[%clk 01:02:49]
[%emt 00:00:33]} 10... Qe7 {[%clk 01:00:15] [%emt 00:02:22]} 11. d5 {[%clk
01:00:41] [%emt 00:02:37]} 11... Bxe3 {[%clk 00:59:44] [%emt 00:01:01]} 12.
dxc6 {[%clk 01:00:48] [%emt 00:00:23]} 12... Bxf2+ {[%clk 00:59:30] [%emt
00:00:44]} 13. Rxf2 {[%clk 01:00:31] [%emt 00:00:47]} 13... Bxc6 {[%clk
00:59:48] [%emt 00:00:13]} 14. axb5 {[%clk 01:00:08] [%emt 00:00:53]} 14...
axb5 {[%clk 01:00:05] [%emt 00:00:13]} 15. Rxa8+ {[%clk 00:59:42] [%emt
00:00:56]} 15... Bxa8 {[%clk 01:00:33] [%emt 00:00:02]} 16. Qd3 {[%clk
00:46:08] [%emt 00:14:04]} 16... Qd7 {[%clk 01:00:15] [%emt 00:00:45]} 17. Nbd2
{[%clk 00:42:20] [%emt 00:04:20]} 17... Qc6 {[%clk 00:58:32] [%emt 00:02:09]}
18. Ng5 {[%clk 00:41:56] [%emt 00:00:58]} 18... O-O {[%clk 00:58:27] [%emt
00:00:35]} 19. Qg3 {[%clk 00:41:21] [%emt 00:01:04]} 19... Ne8 {[%clk 00:54:04]
[%emt 00:04:54]} 20. Ne6 {[%clk 00:38:50] [%emt 00:03:00]} 20... Qd7 {[%clk
00:52:44] [%emt 00:01:51]} 21. Nxf8 {[%clk 00:39:07] [%emt 00:00:12]} 21...
Kxf8 {[%clk 00:53:01] [%emt 00:00:13]} 22. Rxf7+ {[%clk 00:39:21] [%emt
00:00:18]} 22... Qxf7 {[%clk 00:53:22] [%emt 00:00:09]} 23. Bxf7 {[%clk
00:39:47] [%emt 00:00:03]} 23... Kxf7 {[%clk 00:53:47] [%emt 00:00:05]} 24.
Qf2+ {[%clk 00:39:54] [%emt 00:00:23]} 24... Kg8 {[%clk 00:54:08] [%emt
00:00:09]} 25. Qa7 {[%clk 00:39:59] [%emt 00:00:24]} 25... Bc6 {[%clk 00:54:23]
[%emt 00:00:16]} 26. Qa6 {[%clk 00:39:41] [%emt 00:00:48]} 26... Bd7 {[%clk
00:54:43] [%emt 00:00:10]} 27. Nb3 {[%clk 00:38:29] [%emt 00:01:41]} 27... g5
{[%clk 00:54:42] [%emt 00:00:30]} 28. Na5 {[%clk 00:38:49] [%emt 00:00:11]}
28... h5 {[%clk 00:54:57] [%emt 00:00:15]} 29. Nc6 {[%clk 00:39:10] [%emt
00:00:27]} 1-0

[Event "New Zealand Junior Championship"]
[Site "Wellington"]
[Date "2023.01.06"]
[Round "4.1"]
[White "Gong, Daniel Hanwen"]
[Black "Van der Hoorn, Thomas"]
[Result "1-0"]
[WhiteElo "2388"]
[BlackElo "2068"]

1. e4 {[%clk 01:00:58] [%emt 00:00:02]} 1... c6 {[%clk 01:00:50] [%emt
00:00:11]} 2. c4 {[%emt 00:00:14]} 2... d5 {[%clk 01:01:09]} 3. exd5 {[%clk
01:01:51] [%emt 00:00:03]} 3... cxd5 {[%clk 01:01:34] [%emt 00:00:06]} 4. cxd5
{[%clk 01:02:19] [%emt 00:00:02]} 4... Nf6 {[%clk 01:00:54] [%emt 00:01:10]} 5.
Nc3 {[%clk 01:02:43] [%emt 00:00:04]} 5... Nxd5 {[%clk 01:00:06] [%emt
00:01:19]} 6. Nf3 {[%clk 01:03:09] [%emt 00:00:05]} 6... Nc6 {[%clk 01:00:19]
[%emt 00:00:18]} 7. Bb5 {[%clk 01:03:35] [%emt 00:00:03]} 7... e6 {[%clk
00:58:55] [%emt 00:01:54]} 8. O-O {[%clk 01:03:36] [%emt 00:00:29]} 8... Be7
{[%clk 00:58:23] [%emt 00:01:02]} 9. d4 {[%clk 01:04:01] [%emt 00:00:05]} 9...
O-O {[%clk 00:58:22] [%emt 00:00:32]} 10. Re1 {[%clk 01:04:11] [%emt 00:00:19]}
10... Bf6 {[%clk 00:54:26] [%emt 00:04:24]} 11. Ne4 {[%clk 01:03:41] [%emt
00:01:01]} 11... Nce7 {[%clk 00:50:51] [%emt 00:04:05]} 12. Bd3 {[%clk
01:00:53] [%emt 00:03:18]} 12... b6 {[%clk 00:45:20] [%emt 00:06:02]} 13. Bb1
{[%clk 00:56:51] [%emt 00:04:32]} 13... Bb7 {[%clk 00:38:23] [%emt 00:07:27]}
14. Qd3 {[%clk 00:51:08] [%emt 00:06:13]} 14... g6 {[%clk 00:32:13] [%emt
00:06:40]} 15. Nfg5 {[%clk 00:45:41] [%emt 00:05:57]} 15... Bg7 {[%clk
00:28:47] [%emt 00:03:56]} 16. Qh3 {[%clk 00:45:43] [%emt 00:00:27]} 16... h6
{[%clk 00:27:57] [%emt 00:01:20]} 17. Nf3 {[%clk 00:39:28] [%emt 00:06:46]}
17... Nf5 {[%clk 00:27:12] [%emt 00:01:14]} 18. g4 {[%clk 00:33:02] [%emt
00:06:56]} 18... Nxd4 {[%clk 00:26:09] [%emt 00:01:33]} 19. Nxd4 {[%clk
00:33:22] [%emt 00:00:10]} 19... Bxd4 {[%clk 00:26:34] [%emt 00:00:06]} 20.
Qxh6 {[%clk 00:32:36] [%emt 00:01:18]} 20... Bg7 {[%clk 00:24:45] [%emt
00:02:17]} 21. Qh3 {[%clk 00:32:59] [%emt 00:00:06]} 21... Rc8 {[%clk 00:20:15]
[%emt 00:05:00]} 22. Ng5 {[%clk 00:29:27] [%emt 00:04:03]} 22... Nf6 {[%clk
00:20:14] [%emt 00:00:30]} 23. Be3 {[%clk 00:26:52] [%emt 00:03:05]} 23... Qe7
{[%clk 00:13:04] [%emt 00:07:41]} 24. a3 {[%clk 00:06:33] [%emt 00:20:50]}
24... Rfd8 {[%clk 00:12:55] [%emt 00:00:38]} 25. Ba2 {[%clk 00:07:01] [%emt
00:00:03]} 25... Bd5 {[%clk 00:11:45] [%emt 00:01:39]} 26. Bxd5 {[%clk
00:07:26] [%emt 00:00:05]} 26... Rxd5 {[%clk 00:12:08] [%emt 00:00:06]} 27.
Rac1 {[%clk 00:07:18] [%emt 00:00:38]} 27... Rxc1 {[%clk 00:10:46] [%emt
00:01:53]} 28. Rxc1 {[%clk 00:07:43] [%emt 00:00:05]} 28... Qd8 {[%clk
00:10:55] [%emt 00:00:21]} 29. Qf3 {[%clk 00:08:01] [%emt 00:00:13]} 29... Rd3
{[%clk 00:08:12] [%emt 00:03:13]} 30. h3 {[%clk 00:04:53] [%emt 00:03:37]}
30... Qd5 {[%clk 00:06:00] [%emt 00:02:41]} 31. Rc8+ {[%clk 00:02:34] [%emt
00:02:50]} 31... Bf8 {[%clk 00:06:17] [%emt 00:00:12]} 32. Qxf6 {[%clk
00:02:23] [%emt 00:00:42]} 32... Rd1+ {[%clk 00:06:15] [%emt 00:00:32]} 33. Kh2
{[%clk 00:02:50] [%emt 00:00:04]} 33... Qh1+ {[%clk 00:05:35] [%emt 00:01:10]}
34. Kg3 {[%clk 00:03:16] [%emt 00:00:04]} 34... Rg1+ {[%clk 00:05:46] [%emt
00:00:19]} 35. Kh4 {[%clk 00:03:31] [%emt 00:00:13]} 35... Qb7 {[%clk 00:05:31]
[%emt 00:00:47]} 36. Rxf8+ {[%clk 00:02:58] [%emt 00:01:04]} 36... Kxf8 {[%clk
00:05:53] [%emt 00:00:09]} 37. Qd8+ {[%clk 00:03:25] [%emt 00:00:03]} 1-0

[Event "New Zealand Junior Championship"]
[Site "Wellington"]
[Date "2023.01.06"]
[Round "4.2"]
[White "Young, Cohen"]
[Black "Mao, Daqi"]
[Result "1/2-1/2"]
[WhiteElo "1994"]
[BlackElo "2085"]

1. e4 {[%clk 01:00:59]} 1... e6 {[%clk 01:00:56] [%emt 00:00:05]} 2. d4 {[%clk
01:01:26] [%emt 00:00:02]} 2... d5 {[%clk 01:01:23] [%emt 00:00:03]} 3. Nc3
{[%clk 01:01:50] [%emt 00:00:06]} 3... Nf6 {[%clk 01:01:49] [%emt 00:00:03]} 4.
Bg5 {[%clk 01:02:16] [%emt 00:00:05]} 4... dxe4 {[%clk 01:02:14] [%emt
00:00:05]} 5. Nxe4 {[%clk 01:02:36] [%emt 00:00:10]} 5... Nbd7 {[%clk 01:02:40]
[%emt 00:00:05]} 6. Nf3 {[%clk 01:01:15] [%emt 00:01:49]} 6... Be7 {[%clk
01:02:50] [%emt 00:00:20]} 7. Bxf6 {[%clk 00:59:51] [%emt 00:01:55]} 7... Nxf6
{[%clk 01:03:05] [%emt 00:00:15]} 8. Bd3 {[%clk 01:00:03] [%emt 00:00:17]} 8...
O-O {[%clk 01:03:07] [%emt 00:00:28]} 9. Ne5 {[%clk 00:52:46] [%emt 00:07:47]}
9... Nxe4 {[%clk 01:01:56] [%emt 00:01:41]} 10. Bxe4 {[%clk 00:53:11] [%emt
00:00:06]} 10... f6 {[%clk 01:01:32] [%emt 00:00:53]} 11. Nc4 {[%clk 00:45:34]
[%emt 00:08:07]} 11... f5 {[%clk 00:54:57] [%emt 00:07:04]} 12. Bf3 {[%clk
00:45:48] [%emt 00:00:17]} 12... Bf6 {[%clk 00:53:53] [%emt 00:01:34]} 13. c3
{[%clk 00:44:51] [%emt 00:01:28]} 13... Rb8 {[%clk 00:50:59] [%emt 00:03:24]}
14. O-O {[%clk 00:37:59] [%emt 00:07:21]} 14... b6 {[%clk 00:50:00] [%emt
00:01:29]} 15. Qe2 {[%clk 00:33:27] [%emt 00:05:02]} 15... Re8 {[%clk 00:47:11]
[%emt 00:03:19]} 16. Ne5 {[%clk 00:33:14] [%emt 00:00:42]} 16... Bxe5 {[%clk
00:45:51] [%emt 00:01:51]} 17. Qxe5 {[%clk 00:33:21] [%emt 00:00:22]} 17... Qd6
{[%clk 00:45:28] [%emt 00:00:53]} 18. Rfe1 {[%clk 00:32:31] [%emt 00:01:20]}
18... Bd7 {[%clk 00:40:52] [%emt 00:05:06]} 19. h4 {[%clk 00:28:51] [%emt
00:04:10]} 19... Rbd8 {[%clk 00:36:24] [%emt 00:04:58]} 20. g3 {[%clk 00:24:19]
[%emt 00:05:02]} 20... Bc6 {[%clk 00:35:38] [%emt 00:01:16]} 21. Qxd6 {[%clk
00:23:52] [%emt 00:00:56]} 21... Rxd6 {[%clk 00:35:06] [%emt 00:01:02]} 22.
Bxc6 {[%clk 00:24:11] [%emt 00:00:11]} 22... Rxc6 {[%emt 00:01:10]} 23. Re5
{[%clk 00:23:35]} 23... Rd6 {[%clk 00:35:11] [%emt 00:00:51]} 24. Kg2 {[%clk
00:23:46] [%emt 00:00:19]} 24... Rd5 {[%clk 00:34:02] [%emt 00:01:40]} 25. Rae1
{[%clk 00:23:44] [%emt 00:00:31]} 25... Rxe5 {[%clk 00:33:44] [%emt 00:00:47]}
26. Rxe5 {[%clk 00:24:12] [%emt 00:00:02]} 26... c6 {[%clk 00:33:07] [%emt
00:01:08]} 27. Kf3 {[%clk 00:23:42] [%emt 00:01:00]} 27... Kf7 {[%clk 00:32:44]
[%emt 00:00:54]} 28. Kf4 {[%clk 00:21:26] [%emt 00:02:45]} 28... Kf6 {[%clk
00:32:00] [%emt 00:01:14]} 29. f3 {[%clk 00:20:04] [%emt 00:01:53]} 29... h5
{[%clk 00:30:57] [%emt 00:01:32]} 30. a4 {[%clk 00:19:54] [%emt 00:00:40]}
30... Rd8 {[%clk 00:26:39] [%emt 00:04:50]} 31. a5 {[%clk 00:19:24] [%emt
00:01:00]} 31... Rb8 {[%clk 00:26:24] [%emt 00:00:44]} 32. b4 {[%clk 00:18:56]
[%emt 00:00:58]} 32... Rc8 {[%clk 00:25:18] [%emt 00:01:36]} 33. Ke3 {[%clk
00:17:02] [%emt 00:02:24]} 33... Ke7 {[%clk 00:24:10] [%emt 00:01:39]} 34. Kf4
{[%clk 00:14:20] [%emt 00:03:12]} 34... Kf6 {[%clk 00:24:05] [%emt 00:00:35]}
35. Ke3 {[%clk 00:13:29] [%emt 00:01:21]} 35... Ke7 {[%clk 00:24:25] [%emt
00:00:10]} 36. Kf4 {[%clk 00:13:42] [%emt 00:00:17]} 36... Kf6 {[%clk 00:24:45]
[%emt 00:00:10]} 1/2-1/2

[Event "New Zealand Junior Championship"]
[Site "Wellington"]
[Date "2023.01.06"]
[Round "4.3"]
[White "Braganza, Nadia"]
[Black "Malcolm, Leo"]
[Result "1-0"]
[WhiteElo "1838"]
[BlackElo "1777"]

1. c4 {[%clk 01:00:54] [%emt 00:00:05]} 1... f5 {[%clk 01:00:32] [%emt
00:00:28]} 2. g3 {[%clk 01:01:09] [%emt 00:00:15]} 2... Nf6 {[%clk 01:00:45]
[%emt 00:00:17]} 3. Bg2 {[%clk 01:01:22] [%emt 00:00:17]} 3... e5 {[%clk
01:00:38] [%emt 00:00:37]} 4. Nc3 {[%clk 00:59:51] [%emt 00:02:01]} 4... Be7
{[%clk 00:57:59] [%emt 00:03:09]} 5. e3 {[%clk 00:55:24] [%emt 00:04:57]} 5...
d6 {[%clk 00:57:39] [%emt 00:00:51]} 6. Nge2 {[%clk 00:53:49] [%emt 00:02:04]}
6... Nbd7 {[%clk 00:56:46] [%emt 00:01:23]} 7. O-O {[%clk 00:52:30] [%emt
00:01:49]} 7... O-O {[%clk 00:56:41] [%emt 00:00:35]} 8. d4 {[%clk 00:51:46]
[%emt 00:01:13]} 8... Qe8 {[%clk 00:56:40] [%emt 00:00:31]} 9. b3 {[%clk
00:45:50] [%emt 00:06:27]} 9... c6 {[%clk 00:54:29] [%emt 00:02:41]} 10. Bb2
{[%clk 00:44:47] [%emt 00:01:33]} 10... Nh5 {[%clk 00:53:45] [%emt 00:01:13]}
11. d5 {[%clk 00:36:07] [%emt 00:09:10]} 11... f4 {[%clk 00:51:25] [%emt
00:02:50]} 12. exf4 {[%clk 00:35:47] [%emt 00:00:50]} 12... exf4 {[%clk
00:51:20] [%emt 00:00:34]} 13. Nd4 {[%clk 00:27:56] [%emt 00:08:21]} 13... Ne5
{[%clk 00:50:35] [%emt 00:01:15]} 14. dxc6 {[%clk 00:21:53] [%emt 00:06:33]}
14... bxc6 {[%clk 00:49:27] [%emt 00:01:38]} 15. Bxc6 {[%clk 00:18:07] [%emt
00:04:17]} 15... Nxc6 {[%clk 00:49:12] [%emt 00:00:44]} 16. Nxc6 {[%clk
00:18:33] [%emt 00:00:04]} 16... f3 {[%clk 00:43:37] [%emt 00:06:06]} 17. Nxe7+
{[%clk 00:17:49] [%emt 00:01:14]} 17... Qxe7 {[%clk 00:43:46] [%emt 00:00:21]}
18. Qd5+ {[%clk 00:18:10] [%emt 00:00:09]} 18... Qf7 {[%clk 00:29:05] [%emt
00:15:11]} 19. Qxf7+ {[%clk 00:15:22] [%emt 00:03:18]} 19... Rxf7 {[%clk
00:29:33] [%emt 00:00:02]} 20. Ne4 {[%clk 00:12:41] [%emt 00:03:11]} 20... Bh3
{[%clk 00:27:50] [%emt 00:02:13]} 21. Rfd1 {[%clk 00:12:30] [%emt 00:00:40]}
21... Rf5 {[%clk 00:26:49] [%emt 00:01:31]} 22. Nxd6 {[%clk 00:08:35] [%emt
00:04:26]} 22... Rg5 {[%clk 00:22:38] [%emt 00:04:42]} 23. Bc1 {[%clk 00:07:36]
[%emt 00:01:28]} 23... Rg6 {[%clk 00:22:10] [%emt 00:00:58]} 24. Be3 {[%clk
00:07:24] [%emt 00:00:43]} 24... Rf8 {[%clk 00:19:56] [%emt 00:02:44]} 25. Ne4
{[%clk 00:06:16] [%emt 00:01:38]} 25... Re8 {[%clk 00:17:57] [%emt 00:02:30]}
26. Rd4 {[%clk 00:05:52] [%emt 00:00:53]} 26... Rg4 {[%clk 00:12:28] [%emt
00:05:59]} 27. Nc3 {[%clk 00:05:57] [%emt 00:00:26]} 27... Rxd4 {[%clk
00:10:13] [%emt 00:02:45]} 28. Bxd4 {[%clk 00:06:23] [%emt 00:00:04]} 28... Nf4
{[%clk 00:03:53] [%emt 00:06:50]} 29. Be3 {[%clk 00:03:30] [%emt 00:03:24]}
29... Nd3 {[%clk 00:03:18] [%emt 00:01:05]} 30. Nd5 {[%clk 00:03:39] [%emt
00:00:21]} 30... Kf7 {[%clk 00:01:54] [%emt 00:01:54]} 31. Rd1 {[%clk 00:01:46]
[%emt 00:02:24]} 31... Ne5 {[%clk 00:02:08] [%emt 00:00:16]} 32. Nf4 {[%clk
00:01:49] [%emt 00:00:26]} 32... Bf5 {[%clk 00:02:04] [%emt 00:00:34]} 33. h4
{[%clk 00:01:43] [%emt 00:00:36]} 33... Ng4 {[%clk 00:01:51] [%emt 00:00:44]}
34. Nd5 {[%clk 00:01:34] [%emt 00:00:39]} 34... Rd8 {[%clk 00:01:19] [%emt
00:01:01]} 35. Kf1 {[%clk 00:00:59] [%emt 00:01:05]} 35... h6 {[%clk 00:01:11]
[%emt 00:00:38]} 36. Ke1 {[%clk 00:00:50] [%emt 00:00:40]} 36... Ne5 {[%clk
00:01:13] [%emt 00:00:28]} 37. Kd2 {[%clk 00:00:52] [%emt 00:00:28]} 37... Be4
{[%clk 00:01:09] [%emt 00:00:34]} 38. Kc3 {[%clk 00:01:09] [%emt 00:00:14]}
38... Nc6 {[%clk 00:01:18] [%emt 00:00:21]} 39. b4 {[%clk 00:01:10] [%emt
00:00:28]} 39... a5 {[%clk 00:01:27] [%emt 00:00:21]} 40. a3 {[%clk 00:01:23]
[%emt 00:00:17]} 40... Ne7 {[%clk 00:01:28] [%emt 00:00:28]} 41. Rd4 {[%emt
00:01:24]} 41... Nxd5+ {[%clk 00:01:06] [%emt 00:00:38]} 42. cxd5 {[%clk
00:01:08] [%emt 00:00:06]} 42... Bxd5 {[%clk 00:01:34] [%emt 00:00:02]} 43. b5
{[%clk 00:00:47] [%emt 00:00:51]} 43... Rc8+ {[%clk 00:01:45] [%emt 00:00:18]}
44. Kd3 {[%clk 00:01:08] [%emt 00:00:10]} 44... Be6 {[%clk 00:01:40] [%emt
00:00:35]} 45. b6 {[%clk 00:00:43] [%emt 00:00:56]} 45... Bf5+ {[%clk 00:01:47]
[%emt 00:00:23]} 46. Kd2 {[%clk 00:01:09] [%emt 00:00:04]} 46... Rc2+ {[%clk
00:01:04] [%emt 00:01:13]} 47. Kd1 {[%clk 00:01:36] [%emt 00:00:04]} 47... Rc6
{[%clk 00:01:06] [%emt 00:00:28]} 48. b7 {[%clk 00:01:08] [%emt 00:00:57]}
48... Rb6 {[%clk 00:01:04] [%emt 00:00:32]} 49. Rd7+ {[%clk 00:01:27] [%emt
00:00:10]} 49... Bxd7 {[%clk 00:01:21] [%emt 00:00:14]} 50. Bxb6 {[%clk
00:01:53] [%emt 00:00:04]} 1-0